| 000 | 00491nam a22001817a 4500 | ||
|---|---|---|---|
| 003 | OSt | ||
| 005 | 20180116182956.0 | ||
| 008 | 140418b xxu||||| |||| 00| 0 eng d | ||
| 020 | _a9788132107460 | ||
| 040 |
_a0 _b0 _c0 |
||
| 082 |
_22nd Ed. _a658.804 BRE 2011 |
||
| 100 | _aRoss Brennan Louise Canning | ||
| 245 |
_aBusiness to Business Marketing. _cRoss Brennan Louise Canning. |
||
| 260 | _c2011 | ||
| 300 |
_a386p. _bPB |
||
| 440 | _aBusiness to Business Marketing | ||
| 942 |
_2ddc _cBK |
||
| 999 |
_c349647 _d349647 |
||